A PRACTICAL GUIDE TO DOCUMENT AUTHENTICATION (Record no. 208600)
[ view plain ]
| 000 -LEADER | |
|---|---|
| fixed length control field | 00378nam a22001217a 4500 |
| 008 - FIXED-LENGTH DATA ELEMENTS--GENERAL INFORMATION | |
| fixed length control field | 231211b |||||||| |||| 00| 0 eng d |
| 020 ## - INTERNATIONAL STANDARD BOOK NUMBER | |
| International Standard Book Number | 0-379-21228-5 |
| 100 ## - MAIN ENTRY--PERSONAL NAME | |
| Personal name | SINNOTT, JOHN P. |
| 245 ## - TITLE STATEMENT | |
| Title | A PRACTICAL GUIDE TO DOCUMENT AUTHENTICATION |
| Remainder of title | LAGALIZATION OF NOTARIZED & CERTIFIED DOCUMENTS |
| 260 ## - PUBLICATION, DISTRIBUTION, ETC. | |
| Name of publisher, distributor, etc. | OCEANA PUBLICATIONS |
| Date of publication, distribution, etc. | 2005 |
| 300 ## - PHYSICAL DESCRIPTION | |
| Extent | XXII, 754P. |
| 942 ## - ADDED ENTRY ELEMENTS (KOHA) | |
| Source of classification or shelving scheme | Library of Congress Classification |
| Koha item type | Long Loan Book |
| Withdrawn status | Lost status | Source of classification or shelving scheme | Damaged status | Not for loan | Collection | Home library | Current library | Date acquired | Inventory number | Total checkouts | Full call number | Barcode | Date last seen | Copy number | Price effective from | Koha item type |
|---|---|---|---|---|---|---|---|---|---|---|---|---|---|---|---|---|
| Library of Congress Classification | Law | Kisii University Library | Kisii University Library | 12/11/2023 | 98783 | K 2380 .S56 2005 | 000000002018 | 12/11/2023 | 1 | 12/11/2023 | Long Loan Book |